| 000 | 00888cam a2200313 4500 | ||
|---|---|---|---|
| 008 | 090401t1995 xxu||||| |||| 00| 0 eng d | ||
| 020 | _a0860174247 | ||
| 035 | _a(Sirsi) u57089 | ||
| 041 | _aeng | ||
| 050 | _a691 | ||
| 110 |
_aConstruction Industry Research and Information Association _94810 |
||
| 245 | _aEnvironmental impact of materials. Volume A - summary. | ||
| 260 |
_aLondon _bCIRIA _c1995 |
||
| 300 | _a101p. ; 30cm. | ||
| 350 | _a0 | ||
| 490 |
_aCIRIA Special Publication _v116 |
||
| 650 | _aBUILT ENVIRONMENT-BUILDING MATERIALS | ||
| 650 | _aECO LABELLING | ||
| 650 | _aENVIRONMENTAL IMPACT | ||
| 650 | _aLIFE CYCLE | ||
| 650 | _aBUILT ENVIRONMENT-BUILDING MATERIALS-METAL | ||
| 650 | _aMINERALS | ||
| 650 | _aPAINT | ||
| 650 | _aPLASTICS | ||
| 650 | _aTIMBER | ||
| 690 | _aBUILT ENVIRONMENT-BUILDING MATERIALS | ||
| 942 | _n0 | ||
| 948 | _c04/03/1997 | ||
| 999 |
_c93883 _d93883 |
||